| 000 | 00585nam a22001817a 4500 | ||
|---|---|---|---|
| 999 |
_c187314 _d187314 |
||
| 005 | 20220412130334.0 | ||
| 010 | _aENG-132279 | ||
| 020 |
_a9788194954781 _c995 |
||
| 035 | _aEN-115811 | ||
| 037 | _bDBAD/PUB | ||
| 082 | _a320.01 | ||
| 100 | _aSingh, Pariksith | ||
| 245 |
_aSri Aurobindo & the Literary Renaissance of India _cPariksith Singh |
||
| 260 |
_aNoida _bBlu One India LLP _c2021 |
||
| 270 |
_bNoida _a306, Tower -1 , Assotech business Cresterra , Plot no. 22, Sector 135 |
||
| 300 |
_a414p. _c22.1cm(hbk) |
||
| 942 |
_2ddc _cEN _mPAR _h320.01 _eEdition 1 |
||